[Event "Forchheim op-A 14th"]
[Site "Forchheim"]
[Date "2015.10.03"]
[Round "3"]
[White "Promyshlyanskiy, Vitaliy"]
[Black "Koch, Markus"]
[Result "1-0"]
[WhiteElo "2236"]
[BlackElo "2170"]
[PlyCount "61"]
[EventDate "2015.10.02"]
[EventType "swiss"]
[EventRounds "5"]
[EventCountry "GER"]
[SourceTitle "EXT 2019"]
[Source "ChessBase"]
[SourceDate "2018.10.10"]
[SourceVersion "1"]
[SourceVersionDate "2018.10.10"]
[SourceQuality "1"]

1. e4 c5 2. Nc3 g6 3. f4 Bg7 4. Nf3 Nc6 5. Bb5 Nd4 6. 0-0 Nxb5 7. Nxb5 d5 8. e5 a6 9. Nc3 Nh6 10. d4 cxd4 11. Qxd4 Nf5 12. Qxd5 Qb6+ 13. Kh1 Be6 14. Qe4 h5 15. Qe1 Bc4 16. Qf2 Qc6 17. Re1 h4 18. h3 0-0-0 19. Be3 b5 20. a3 f6 21. Nd4 Nxd4 22. Bxd4 Be6 23. Kg1 Rdf8 24. Qe3 Bf5 25. Na2 Bh6 26. Nb4 Qb7 27. exf6 exf6 28. Bxf6 Rxf6 29. Qc3+ Kb8 30. Qxf6 Bg7 31. Qd6+ 1-0

[Event "Oberliga Ost-B 1516"]
[Site "Germany"]
[Date "2015.09.20"]
[Round "1.4"]
[White "Staller, Peter"]
[Black "Koch, Markus"]
[Result "1/2-1/2"]
[WhiteElo "2244"]
[BlackElo "2170"]
[PlyCount "74"]
[EventDate "2015.09.20"]
[EventType "team-tourn"]
[EventRounds "11"]
[EventCountry "GER"]
[SourceTitle "EXT 2017"]
[Source "ChessBase"]
[SourceDate "2016.10.25"]
[SourceVersion "1"]
[SourceVersionDate "2016.10.25"]
[SourceQuality "1"]
[WhiteTeam "Nied"]
[BlackTeam "Frankfurt BvK"]
[WhiteTeamCountry "GER"]
[BlackTeamCountry "GER"]

1. Nf3 Nf6 2. c4 e6 3. d4 Bb4+ 4. Nbd2 b6 5. e3 Bb7 6. Bd3 0-0 7. 0-0 d5 8. a3 Be7 9. b3 Nbd7 10. Bb2 c5 11. Qe2 Ne4 12. Rfd1 Bf6 13. cxd5 exd5 14. Bb5 cxd4 15. Nxd4 Ndc5 16. Nxe4 Nxe4 17. Rac1 Nc5 18. b4 Bxd4 19. Bxd4 Nb3 20. Qg4 Nxd4 21. Qxd4 Rc8 22. Be2 Qd6 23. Bf3 a5 24. g3 Rxc1 25. Rxc1 axb4 26. axb4 Re8 27. Rd1 Re5 28. Kg2 Qe6 29. Rc1 h5 30. h4 Ba6 31. b5 Bxb5 32. Rb1 Bc4 33. Rxb6 Qf5 34. Rb8+ Kh7 35. Qf4 Qe6 36. Qd4 Qf5 37. Qf4 Qe6 1/2-1/2